| 000 | 00394cam a2200169 4500 | ||
|---|---|---|---|
| 001 | D12821 | ||
| 008 | 090401t1898 xxu||||| |||| 00| 0 eng d | ||
| 035 | _a(Sirsi) u6048 | ||
| 041 | _aeng | ||
| 100 | _aGiveen, H.M. | ||
| 245 | 4 | _aThe law relating to commission agents | |
| 260 |
_aLondon _bClement Wilson _c1898 |
||
| 350 | _a0 | ||
| 520 | _aShelf 116 | ||
| 942 | _n0 | ||
| 948 | _c04/03/1997 | ||
| 999 |
_c86243 _d86243 |
||